00660 2200229 4500001002100000005001500021035002000036007000300056008004100059020002200100082001000122084001600132100002600148245009400174250001000268260002800278300005400306650002900360700001900389990001100408990001100419INLIS00000000000382120190725100146 a0010-0719000239ta190725 g 0 ind  a978-602-9212-77-8 a745.5 a745.5 DIA e0 aDIAN, Kusuma Wardhani1 aEdutoys :bPanduan Berkreasi dan Berbisnis /cDian Kusuma Wardhani; editor, Fachmy Casofa acet.1 aSolo :bMetagraf,c2013 a100 hlm. :bilus. ;c24 cm.--Craftypreneur Series 4aBONEKA. KERAJINAN TANGAN0 aFACHMY, Casofa a6011 a a6011 b